00515 2200205 4500001002100000005001500021035002000036007000300056008004100059020001500100082001000115084001600125100001200141245005700153250001000210260003900220300003400259990000800293990000800301INLIS00000000001218520220627024326 a0010-0622000695ta220627 g 0 ind  a9793186280 a297.2 a297.2 PER i0 aPERMADI1 aIman & Takwa Menurut AlQur'an /cDrs. K. Permadi, SH aCet.5 aJakarta :bPT. Rineka Cipta,c1995 aviii, 138 hlm ;c12 x 19.5 cm a328 a328